| 000 | 01013cam a2200217 a 4500 | ||
|---|---|---|---|
| 020 | _a0784400563 | ||
| 082 | 0 | 0 |
_a624.15 _bFRA |
| 245 | 0 | 0 |
_aFracture mechanics applied to geotechnical engineering : _bproceedings of sessions sponsored by the Geotechnical Engineering Division of the American Society of Civil Engineers in conjunction with the ASCE National Convention in Atlanta, Georgia, October 9-13, 1994 / _cedited by Luis E.Vallejo and Robert Y. Liang. |
| 260 |
_aNew York, N.Y. : _bAmerican Society of Civil Engineers, _cc1994. |
||
| 300 |
_av, 163 p. : _bill. ; _c22 cm. |
||
| 526 |
_a0 _b0 _c0 _d624_150000000000000_FRA |
||
| 650 | 0 |
_aClay _xCracking _xCongresses. _946643 |
|
| 650 | 0 |
_aFracture mechanics _xCongresses. _938070 |
|
| 650 | 0 |
_aMCE _9379 |
|
| 650 | 0 |
_aPavements _xCracking _xCongresses. _946644 |
|
| 650 | 0 |
_aSoil dynamics _xCongresses. _946645 |
|
| 700 | 1 |
_aLiang, Robert Y. _946646 |
|
| 700 | 1 |
_aVallejo, Luis E. _946647 |
|
| 710 | 2 |
_aAmerican Society of Civil Engineers. _9702 |
|
| 942 |
_2ddc _cBK |
||
| 999 |
_c549922 _d549922 |
||